00388pab a2200169 454500008004000000100001800040245004400058260000900102300001200111362001200123650001300135650001500148650001200163700001500175700001500190773001300205180718b2010 xxu||||| |||| 00| 0 eng d aSharma, Rajiv aPlanning for mobility of the urban poor c2010 ap.1-12. aApr-Jun aNagarlok aUrban poor aPoverty aJain, S.S. aParida, M. aNagarlok